000 00828nam a2200205Ii 4500
003 JO-AjNU
008 230605s9999||||xx |||||||||||||| ||und||
040 _aJO-AjNU
_bara
_erda
_cJO-AjNU
041 _aara
050 1 4 _aBP75.2.A75.1980
100 3 _aعساف، احمد محمد,
_eauthor
_940718
245 0 0 _aخلاصة الأثر في سيرة سيد البشر:حياة الرسول محمد صلى الله عليه وسلم مستقاه من سيرة ابن هشام ومن اوثق المصادر واصحها ومكتوبة باسلوب عصري ومبسط
250 _aط2
264 3 1 _aبيروت:دار احياء العلوم،1980
300 _a394ص
336 _atext
_btxt
_2rdacontent
337 _aunmediated
_bn
_2rdamedia
338 _avolume
_bnc
_2rdacarrier
650 4 _aسيرة نبوية
_940719
999 _aA17303
_c20871
_d20871